| 000 | 00555nam a22001817a 4500 | ||
|---|---|---|---|
| 999 |
_c56907 _d56907 |
||
| 005 | 20190612184359.0 | ||
| 008 | 190612s2005 sp ||||| |||| 00| 0 esp d | ||
| 020 | _a9509402354X | ||
| 041 | _aesp | ||
| 080 | _a2(82) B-84 | ||
| 100 |
_aBrankel, Jurgen _92465 |
||
| 245 |
_aAteismo y religiosidad / _cJurgen Brankel; Editor Juan Carlos Maldonado. |
||
| 264 |
_aCordoba : _bAlcion Editora _c2005 |
||
| 300 |
_a78 p.; _b20 cm. |
||
| 653 | _aრელიგია | ||
| 700 |
_aMaldonado, Juan Carlos _eრედაქტორი _92466 |
||
| 942 |
_2udc _cBK |
||